Trade Descriptions Act, 1972 (Act 87), Cheap Sale Price Regulations, 1987 & orders : (Record no. 4554)

000 -LEADER
fixed length control field nam a22 a 4500
003 - CONTROL NUMBER IDENTIFIER
control field AKMAL
005 - DATE AND TIME OF LATEST TRANSACTION
control field 20170531145127.0
008 - FIXED-LENGTH DATA ELEMENTS--GENERAL INFORMATION
fixed length control field 1 s1996 my l 00 eng d
020 ## - INTERNATIONAL STANDARD BOOK NUMBER
International Standard Book Number 9678906074 (pbk.):
Terms of availability RM 10.00
040 ## - CATALOGING SOURCE
Transcribing agency AKMAL
082 04 - DEWEY DECIMAL CLASSIFICATION NUMBER
Classification number 343.59508 TRA
090 ## - LOCALLY ASSIGNED LC-TYPE CALL NUMBER (OCLC); LOCAL CALL NUMBER (RLIN)
Classification number (OCLC) (R) ; Classification number, CALL (RLIN) (NR) 343.59508
Local cutter number (OCLC) ; Book number/undivided call number, CALL (RLIN) TRA
110 1# - MAIN ENTRY--CORPORATE NAME
Corporate name or jurisdiction name as entry element Malaysia
9 (RLIN) 400
240 1# - UNIFORM TITLE
Uniform title Akta Perihal Dagangan, 1972.
Language of a work English
245 10 - TITLE STATEMENT
Title Trade Descriptions Act, 1972 (Act 87), Cheap Sale Price Regulations, 1987 & orders :
Remainder of title (As at 31st October 1996) /
Statement of responsibility, etc. compiled by Legal Research Board
260 ## - PUBLICATION, DISTRIBUTION, ETC.
Place of publication, distribution, etc. Kuala Lumpur :
Name of publisher, distributor, etc. International Law Books Services,
Date of publication, distribution, etc. 1996
300 ## - PHYSICAL DESCRIPTION
Extent iii, 47p. ;
Dimensions 24cm
440 ## - SERIES STATEMENT/ADDED ENTRY--TITLE
Title Laws of Malaysia
9 (RLIN) 1830
650 ## - SUBJECT ADDED ENTRY--TOPICAL TERM
Topical term or geographic name entry element Price regulation
Geographic subdivision Malaysia
9 (RLIN) 8785
650 ## - SUBJECT ADDED ENTRY--TOPICAL TERM
Topical term or geographic name entry element Trade regulation
Geographic subdivision Malaysia
9 (RLIN) 2454
650 ## - SUBJECT ADDED ENTRY--TOPICAL TERM
Topical term or geographic name entry element Trademarks
Geographic subdivision Malaysia
9 (RLIN) 8788
710 2# - ADDED ENTRY--CORPORATE NAME
Corporate name or jurisdiction name as entry element Legal Research Board
9 (RLIN) 3922
942 ## - ADDED ENTRY ELEMENTS (KOHA)
Source of classification or shelving scheme
Koha item type Book
Holdings
Withdrawn status Lost status Source of classification or shelving scheme Damaged status Not for loan Collection code Home library Current library Shelving location Date acquired Inventory number Total Checkouts Full call number Barcode Date last seen Price effective from Koha item type
          NON-FICTION AKMAL Melaka AKMAL Melaka PINJAMAN 31.05.2017 002962   343.59508 TRA 201707186 31.05.2017 31.05.2017 Book
Pusat Sumber Maklumat Dato' Haji Sarmin Md Hussin, Akademi Kastam Diraja Malaysia, Melaka
Tel: 06-2331106 | Faks: 06-2313787